Handbook on the working of ministry of parliament affairs / (Record no. 134503)

MARC details
000 -LEADER
fixed length control field 00778nam a22002297a 4500
005 - DATE AND TIME OF LATEST TRANSACTION
control field 20170124110227.0
010 ## - LIBRARY OF CONGRESS CONTROL NUMBER
LC control number B-167372
020 ## - INTERNATIONAL STANDARD BOOK NUMBER
Terms of availability 1000.00
International Standard Book Number 8180691842
035 ## - SYSTEM CONTROL NUMBER
System control number B-167372
037 ## - SOURCE OF ACQUISITION
Source of stock number/acquisition Cen Lib/Ret
040 ## - CATALOGING SOURCE
Original cataloging agency DPL
Language of cataloging EN
082 ## - DEWEY DECIMAL CLASSIFICATION NUMBER
Classification number 328.54
Item number HAN
245 ## - TITLE STATEMENT
Title Handbook on the working of ministry of parliament affairs /
Statement of responsibility, etc edited by V.K. Agnihotri
260 ## - PUBLICATION, DISTRIBUTION, ETC. (IMPRINT)
Place of publication, distribution, etc New Delhi
Name of publisher, distributor, etc Concept Publishing Company
Date of publication, distribution, etc 2004
270 ## - ADDRESS
City New Delhi
Address A/15-16, commercial block, mhan garden
Postal code 110059
300 ## - PHYSICAL DESCRIPTION
Extent xvii, 570p.
Dimensions 21cm(Hb)
500 ## - GENERAL NOTE
General note Includes index
650 ## - SUBJECT ADDED ENTRY--TOPICAL TERM
Topical term or geographic name as entry element Ministry of parliament affairs
Geographic subdivision India
9 (RLIN) 40912
650 ## - SUBJECT ADDED ENTRY--TOPICAL TERM
Topical term or geographic name as entry element Rules and practice
Form subdivision Manuals
9 (RLIN) 40913
700 ## - ADDED ENTRY--PERSONAL NAME
Personal name Agnihotri, V.K.
9 (RLIN) 40914
942 ## - ADDED ENTRY ELEMENTS (KOHA)
Source of classification or shelving scheme Dewey Decimal Classification
Koha item type English Books
Classification part 328.54
Call number suffix HAN
Holdings
Withdrawn status Lost status Damaged status Not for loan Collection code Home library Current library Date acquired Source of acquisition Cost, normal purchase price Total Checkouts Full call number Barcode Date last seen Copy number Cost, replacement price Price effective from Koha item type
      Not For Loan Reference Central Library Central Library 30/07/2015 Cen Lib/Ret 1000.00   328.54 HAN B-167372 30/07/2015 1 1000.00 30/07/2015 English Books

© Delhi Public Library
Hit Counter
free hit counter